Top 10 US States with Highest GDP - Statistics

General Stats
  • This quiz has been taken 197 times
  • The average score is 9 of 10
Answer Stats
*GDP State % Correct
2,746,873 California
99%
1,547,116 New York
99%
1,696,206 Texas
98%
967,337 Florida
96%
820,362 Illinois
88%
554,269 Georgia
83%
752,071 Pennsylvania
81%
649,127 Ohio
80%
538,291 North Carolina
72%
591,743 New Jersey
71%
No matching quizzes found
Score Distribution
Percent of People with Each Score
Percentile by Number Answered
Your Score History
You have not taken this quiz